Normal view
MARC view
Entry Topical Term
001 - CONTROL NUMBER
- control field: 50645
003 - CONTROL NUMBER IDENTIFIER
- control field: OSt
005 - DATE AND TIME OF LATEST TRANSACTION
- control field: 20250211162938.0
008 - FIXED-LENGTH DATA ELEMENTS
- fixed length control field: 250211|| aca||aabn | a|a d
040 ## - CATALOGING SOURCE
- Original cataloging agency: OSt
- Transcribing agency: OSt
150 ## - HEADING--TOPICAL TERM
- Topical term or geographic name entry element: Farmer producer, Companies, Incubation support, Policy, India.
670 ## - SOURCE DATA FOUND
- Source citation: Work cat.: (OSt): Mir, Tawseef Ahmad and Bhat, Touseef Ahmad 50644, Incubating farmer producer companies: The missing middle
